000
00306nam a2200133Ia 4500
005
20251222155056.0
008
251222s9999||||xx |||||||||||||| ||spa||
082
_a
FIL.15
100
_a
DAGOBERT. Runes,
245
0
_a
Diccionario de FilosofĂa
250
_a
1ra. ed.
264
_b
Grijalbo
942
_c
LIB
999
_c
37477
_d
37477